000 01627 a2200289 4500
999 _c6616
_d6616
003 OSt
005 20200302103333.0
008 171027s2017 ck aob|gr|||| 001 0 spa d
020 _a9789585412477
040 _aCO-BoUCM
_bspa
_cCO-JMCR
_dSaul Niño
041 1 _aspa
041 1 _aeng
082 0 4 _a918.9 /
_bJ371m
_220
100 1 _aJaramillo Machuca, Natalia,
_988034
_eautora
245 1 0 _aMemoria expedicionaria Colombia Antártica /
_cNatalia Jaramillo Machuca, capitán de navío, Ricardo José Morales Babra
260 _aBogotá ( Colombia) :
_bDimar,
_c2017
300 _a283 páginas :
_bilustraciones, fotografías, mapas a color
_c34 cm.
500 _aEn portada: Un reto de país.
504 _aReferencias en paginas 277-281.
505 _aAntártica: reseña histórica-- Nuestro Norte fue el sur: La Autoridad Marítima Colombiana como guía de la I expedición antártica colombiana -- La materialización de un sueño: las expediciones colombianas a la Antártica -- Instrucciones y grupos de investigación -- Colombia antártica: un futuro promisorio
505 _aAntarctica: historical review - Our North was the south: The Colombian Maritime Authority as a guide to the I Colombian Antarctic expedition - The realization of a dream: Colombian expeditions to Antarctica - Instructions and research groups - Antarctic Colombia: a promising future
546 _aTexto en español e Inglés
650 _aRegiones polares
_xInvestigación científica
_988035
651 _aAntártida
_xDescripciones y viajes
_zColombia
_988036
700 1 _aBabra, José Morales
_988038
_eautor
942 _cBK
_2ddc